000 00453nam a2200193Ia 4500
003 0100
008 130303s9999 xx 000 0 und d
040 _cARRUPELIB
050 _aB765.T54R44 1956
100 _aReith, Herman
245 4 _aThe metaphysics of St. Thomas Aquinas
260 _aMilwaukee
260 _bThe Bruce Publishing Company
260 _C1958
300 _a403p.
300 _b 23cm.
650 _aMETAPHYSICS
942 0 0 _07
999 _c49072
_d49072